00779nam a2200205 a 450000100100000000500170001000800410002702000180006804000250008608200210011110000320013224500880016426000550025230000210030749000150032850400730034383000210041695201190043799900170055600004320020201002040721.0140224s2011 cu 000 0 spa d a9789592711655 aDO-SdBNPbspacBNPHU axxxxxxxbxxxxxxx1 aHidalgo Paz, Ibrahim97079210aPartido revolucionario cubano :bindependencia y democracia /cIbrahim Hidalgo Paz. aLa Habana, :bCentro de estudios martianos,c2011. a270 p. :b21 cm.1 aAla y raiz aIncluye referencias bibliográficas y notas al pie de las páginas 0aAla y raiz98796 001050718MOaGRbGRcHDd2014-02-24iLF1l0oxxxxxxx xxxxxxxp43200-10r2020-06-25w2020-06-25y1ZNo se presta c42689d42689